Pokémon Games (All of Them) - Statistics

General Stats
  • This quiz has been taken 37 times
  • The average score is 41 of 87
Answer Stats
Answer % Correct
Blue
91%
Red
91%
Y
91%
Yellow
91%
X
88%
Diamond
84%
Gold
84%
Green
84%
Moon
84%
Ruby
84%
Sapphire
84%
Silver
84%
Sun
84%
Black
81%
Black 2
81%
Pearl
81%
Ultra Moon
81%
Ultra Sun
81%
White
81%
White 2
81%
Emerald
78%
HeartGold
78%
Scarlet
78%
Violet
78%
Crystal
75%
Platinum
75%
SoulSilver
75%
FireRed
72%
LeafGreen
72%
Shining Pearl
72%
Sword
72%
Alpha Sapphire
69%
Brilliant Diamond
69%
Let's Go, Eevee!
69%
Let's Go, Pikachu!
69%
Omega Ruby
69%
Shield
69%
Legends: Arceus
66%
Pokémon Ranger
53%
Pokémon GO
50%
Pokémon Snap
47%
Pokémon Colosseum
44%
Pokémon Rumble
44%
PokéPark Wii: Pikachu's Adventure
38%
Pokémon Ranger: Shadows of Almia
34%
PokéPark 2: Wonders Beyond
34%
New Pokémon Snap
31%
Pokémon Mystery Dungeon: Blue Rescue Team
31%
Pokémon Mystery Dungeon: Red Rescue Team
31%
Pokémon XD: Gale of Darkness
31%
Pokémon Mystery Dungeon: Explorers of Sky
28%
Pokémon Quest
28%
Pokémon Ranger: Guardian Signs
28%
Pokémon Trozei!
28%
Pokémon UNITE
28%
Pokémon Dash
25%
Pokémon Mystery Dungeon: Explorers of Darkness
25%
Pokémon Mystery Dungeon: Explorers of Time
25%
Pokémon Pinball
25%
Pokkén Tournament
25%
Hey You, Pikachu!
22%
Pokémon Conquest
22%
Pokémon Mystery Dungeon: Gates to Infinity
22%
Pokémon Super Mystery Dungeon
22%
Detective Pikachu
19%
Pokémon Café ReMix
19%
Pokémon Channel
19%
Pokémon Mystery Dungeon: Rescue Team DX
19%
Pokémon Puzzle League
19%
Pokémon Rumble Blast
19%
Pokémon Rumble U
19%
Pokémon Shuffle
19%
Pokémon Trading Card Game
19%
Pokémon: Magikarp Jump
16%
Pokémon Masters EX
16%
Pokémon Picross
16%
Pokémon Pinball: Ruby and Sapphire
16%
Pokkén Tournament DX
13%
Pokémon Battle Trozei!
9%
Pokémon Duel
9%
Pokémon Rumble World
9%
Pokémon Puzzle Challenge
6%
Pokémon Rumble Rush
6%
Pokémon Mystery Dungeon: Go For It! Light Adventure Squad
3%
Pokémon Card GB2: Here Comes Team GR!
0%
Pokémon Mystery Dungeon: Keep Going! Blazing Adventure Squad
0%
Pokémon Mystery Dungeon: Let's Go! Stormy Adventure Squad
0%
No matching quizzes found
Score Distribution
Percent of People with Each Score
Percentile by Number Answered
Your Score History
You have not taken this quiz